00429 2200169 4500001002100000008004100021035002000062245006200082100002000144250000600164260003000170300001200200084001400212082000800226650001300234990001200247INLIS000000000000823 ind  a0010-0524000058 aBuku Siswa Matematika Peminatan Kelas XIIcNanang Priatna aPriatna, Nanang a1 aBandung :bGrafindoc2019 a216 hlm a510 NAN m a510 aNonFiksi a0740964